000 01384nam a22004217a 4500
001 1792512
003 OSt
005 20210420055514.0
008 781012s1979 nyu b 001 0 eng
010 _a 78021459
020 _a0306351927
040 _aeng
_cDLC
_deng
041 _aeng
050 0 0 _aRC386.5
_b.N473
060 _aWL102.3 H236 v. 2
080 _a616.8
_bG-29
082 0 0 _a616.8
100 _9357
_aGazzanigra, S. Michael
_eEditor
245 0 0 _aHandbook of Behavioral Neurobiology: Volume 2 Neuropsychology /
_cedited by Michael S. Gazzaniga.
260 _aNew York :
_bPlenum Press,
_cc1979.
300 _axx, 566 p. :
_bill. ;
_c27 cm.
440 0 _aHandbook of behavioral neurobiology ;
_vv. 2
504 _aIncludes bibliographies and index.
650 0 _aBrain
_xDiseases
_xDiagnosis.
650 0 _aNeurology
_9100
650 0 _aNeuropsychology.
650 2 _aPsychophysiology.
650 2 _aLanguage.
650 2 _aLanguage disorders.
653 _aნევროლოგია
653 _aნეიროფსიქოლოგია
653 _aფსიქოფიზიოლოგია
653 _aთავის ტვინი
653 _aმეტყველების დარღვევები
700 1 _aGazzaniga, Michael S.
906 _a7
_bcbc
_corignew
_d1
_eocip
_f19
_gy-gencatlg
942 _2udc
_cBK
999 _c449
_d449